Methods of environmental data analysis

Αποθηκεύτηκε σε:
Λεπτομέρειες βιβλιογραφικής εγγραφής
Άλλοι συγγραφείς: Hewitt, C. N. (Επιμελητής έκδοσης)
Μορφή: Βιβλίο
Γλώσσα:English
Δημοσίευση: London; New York : Elsevier Applied Science, 1992
Σειρά:Environmental management series
Θέματα:
Ετικέτες: Προσθήκη ετικέτας
Δεν υπάρχουν, Καταχωρήστε ετικέτα πρώτοι!

MARC

LEADER 00000nam a2200000 i 4500
001 1/92554
008 940223s1992 eng d
020 |a 1-85166-735-0 
035 |l 10008513 
040 |a GR-MY-UA  |b gre  |e aacr 
041 0 |a eng 
082 0 |a 628.5015195 
245 1 0 |a Methods of environmental data analysis /  |c Edited by C. N. Hewitt 
260 |a London; New York :   |b Elsevier Applied Science,   |c 1992 
300 |a 309 p.  |b tables; fig. 
490 1 |a Environmental management series 
504 |a Includes bibliographical references and index. 
650 0 0 |a Pollution  |x Environmental aspects  |x Statistical methods. 
650 0 0 |a Environmental impact analysis  |x Statistical methods. 
700 1 |a Hewitt, C. N.  |4 edt 
830 0 |a Environmental management series 
852 |a INST  |b LESVOS  |e 19980206  |h 628.5015195 MET  |p 005100005431  |q 005100005431  |t BK  |y 0 
852 |a INST  |b LESVOS  |e 19940223  |h 628.5015195 MET  |p 005100006064  |q 005100006064  |t BK  |y 0 
909 |a Λ  |b 034033